000 00254nam a2200097Ia 4500
008 230508s2003 xx 000 0 und d
041 _aeng
100 _aP.I.IABOLONTY
245 _aAUTOMATION IN ELECTRICAL POWER SYSTEMS
260 _bMIR PUBLI.MOSCOW
_c2003
999 _c721471
_d721471